000 00271nam a2200109Ia 4500
008 201216s9999 xx 000 0 und d
100 _aMitchel, James (Ed.)
245 0 _a(The) Random House Encyclopaedia
260 _aNew York
_bRandom House
300 _a2918
942 _cBK
999 _c6779
_d6779